| 000 | 02218nam a22003497a 4500 | ||
|---|---|---|---|
| 001 | 101810 | ||
| 003 | KnowledgeUnlatched | ||
| 005 | 20210303105301.0 | ||
| 006 | m o d | ||
| 007 | cr u|||||||||| | ||
| 008 | 210129p20122018mau o u00| u eng d | ||
| 037 | _5BiblioBoard | ||
| 245 | 0 | 0 |
_aGone to Pitchipoi _bA Boy's Desperate Fight for Survival in Wartime / _cRubin Katz. |
| 020 | _a9781618112743 | ||
| 029 | 1 | _ahttps://library.biblioboard.com/ext/api/media/bfd77248-b3de-4877-94ad-8255509fa61a/assets/thumbnail.jpg | |
| 040 |
_aScCtBLL _cScCtBLL |
||
| 100 | 1 |
_aKatz, Rubin _eauthor. |
|
| 264 | 1 | _bAcademic Studies Press, | |
| 300 | _a1 online resource (351 p.) | ||
| 506 | 0 |
_aAccess copy available to the general public. _fUnrestricted _2star |
|
| 520 | _aIn Gone to Pitchipoi Katz vividly recalls his experience growing up in the turmoil of WWII, and his extraordinary escape from the constant threats of Nazi occupied Poland. Born in 1931 in the picturesque countryside of Ostrowiec wherein more than a third of the population was Jewish, Katz experienced a constant juxtaposition of traditional ways of life with the tragedies of those years. Deemed unfit for labor camps, Katz was marked for certain death and forced to live on the run in a daily quest for food, shelter, and friendship. He eventually reunited with his sister, Fela, together encountering a series of narrow escapes and forging on to see the day of liberation. This book is a major contribution to our understanding of the fate of Jews in small Polish towns during the Second World War. | ||
| 588 | 0 | _aDescription based on print version record. | |
| 590 | _aKU Open Services | ||
| 650 | 7 |
_aBiography & Autobiography / Personal Memoirs _2bisacsh |
|
| 655 | 7 |
_aBiographies _2lcgft |
|
| 655 | 0 | _aElectronic books. | |
| 758 |
_iIs found in: _aKnowledge Unlatched _1https://openresearchlibrary.org/module/2774bc74-146a-484f-a7ba-ab1d6a09bbfb |
||
| 856 | 4 | 0 |
_uhttps://openresearchlibrary.org/content/bfd77248-b3de-4877-94ad-8255509fa61a _zView this content on Open Research Library. _70 |
| 999 |
_c34069 _d34069 |
||